[Event "SC Heideck-Hilpoltstein 1-SG SC Mühldorf"]
[Site "?"]
[Date "2013.01.27"]
[Round "1.1"]
[White "Ahmels, Christian"]
[Black "Fink, Martin"]
[Result "1-0"]
[WhiteElo "2065"]
[BlackElo "1869"]
[PlyCount "103"]
[EventDate "2013.??.??"]
[WhiteTeam "SG SC Mühldorf/SK Schwabach 1"]
[BlackTeam "SC Heideck-Hilpoltstein 1"]

1. e4 c5 2. Nf3 Nc6 3. d4 cxd4 4. Nxd4 d6 5. Nc3 Nf6 6. g3 Bg4 7. f3 Nxd4 8.
fxg4 Nc6 9. g5 Nd7 10. Be3 g6 11. Be2 Bg7 12. O-O Nde5 13. Nd5 Qd7 14. Rb1 O-O
15. b4 b6 16. Kg2 Rae8 17. h4 f5 18. exf5 Rxf5 19. Nf4 e6 20. c4 Nd8 21. Qb3
Qc6+ 22. Kg1 Qe4 23. Rbd1 Qc6 24. Rd2 Rff8 25. Bd4 Qe4 26. Qe3 Qc6 27. c5 Ndf7
28. cxd6 Qxd6 29. Bc5 bxc5 30. Rxd6 Nxd6 31. bxc5 Nf5 32. Qa3 Re7 33. Rd1 Rc8
34. Bb5 Ng4 35. Bd7 Rxd7 36. Rxd7 Bd4+ 37. Rxd4 Nxd4 38. Qxa7 e5 39. Nd5 Rf8
40. Kg2 h5 41. Ne7+ Kf7 42. Nf5+ Ke6 43. Qe7+ Kd5 44. Qxf8 gxf5 45. g6 Ke4 46.
g7 f4 47. gxf4 Ne3+ 48. Kh3 exf4 49. g8=Q f3 50. Qg6+ Nef5 51. c6 f2 52. Kg2
1-0

[Event "SC Heideck-Hilpoltstein 1-SG SC Mühldorf"]
[Site "?"]
[Date "2013.01.27"]
[Round "1.2"]
[White "Kirchner, Norbert"]
[Black "Greul, Hans"]
[Result "1-0"]
[WhiteElo "1967"]
[BlackElo "1985"]
[PlyCount "77"]
[EventDate "2013.??.??"]
[WhiteTeam "SC Heideck-Hilpoltstein 1"]
[BlackTeam "SG SC Mühldorf/SK Schwabach 1"]

1. e4 e6 2. d4 d5 3. e5 c5 4. c3 Qb6 5. Bd3 Bd7 6. dxc5 Bxc5 7. Qe2 Nc6 8. Nf3
a5 9. O-O Nge7 10. Nbd2 a4 11. g3 Ng6 12. h4 Qc7 13. Re1 Ba7 14. h5 Nge7 15.
Nb1 h6 16. Na3 Na5 17. Kg2 Bc5 18. Nc2 Nac6 19. Bd2 Qb6 20. b4 axb3 21. axb3
Rxa1 22. Nxa1 Qc7 23. b4 Bb6 24. Nc2 O-O 25. Na3 Na7 26. c4 dxc4 27. Nxc4 Nd5
28. g4 Nc6 29. Qe4 f5 30. gxf5 Rxf5 31. Nd6 Nxe5 32. Nxf5 Nxd3 33. Nxh6+ Kf8
34. Qxd3 gxh6 35. Qg6 Ke7 36. Bxh6 Qc3 37. Qg5+ Kd6 38. Bf8+ Kc7 39. Rc1 1-0

[Event "SC Heideck-Hilpoltstein 1-SG SC Mühldorf"]
[Site "?"]
[Date "2013.01.27"]
[Round "1.3"]
[White "Reuter, Roland"]
[Black "Wegmann, Wolfgang"]
[Result "0-1"]
[WhiteElo "1947"]
[BlackElo "1863"]
[PlyCount "72"]
[EventDate "2013.??.??"]
[WhiteTeam "SG SC Mühldorf/SK Schwabach 1"]
[BlackTeam "SC Heideck-Hilpoltstein 1"]

1. e4 c5 2. c3 d5 3. exd5 Qxd5 4. Nf3 Nf6 5. Be2 e5 6. O-O Be7 7. d3 O-O 8. Bg5
Nc6 9. Qd2 Bg4 10. Rd1 Rad8 11. Qc2 Bxf3 12. gxf3 Nh5 13. Bxe7 Nxe7 14. Nd2 Nf4
15. Ne4 Qc6 16. Re1 Qg6+ 17. Ng3 h5 18. Bf1 h4 19. Rxe5 hxg3 20. fxg3 Nc6 21.
Re4 Nd5 22. Rae1 Nf6 23. Rc4 b6 24. b4 Rfe8 25. Rxe8+ Rxe8 26. f4 Nd5 27. bxc5
bxc5 28. Rxc5 Nxf4 29. Qa4 Nxd3 30. Rxc6 Qf5 31. Qc2 Re1 32. Rc8+ Kh7 33. Qg2
Qxc8 34. Qd5 Ne5 35. Kf2 Qf5+ 36. Kxe1 Nf3+ 0-1

[Event "SC Heideck-Hilpoltstein 1-SG SC Mühldorf"]
[Site "?"]
[Date "2013.01.27"]
[Round "1.4"]
[White "Perner, Bastian"]
[Black "Wirth, Karl-Heinz"]
[Result "1-0"]
[WhiteElo "1881"]
[BlackElo "1868"]
[PlyCount "65"]
[EventDate "2013.??.??"]
[WhiteTeam "SC Heideck-Hilpoltstein 1"]
[BlackTeam "SG SC Mühldorf/SK Schwabach 1"]

1. e4 e5 2. Nf3 f5 3. Nxe5 Qf6 4. d4 d6 5. Nc4 fxe4 6. Nc3 Qg6 7. Ne3 c6 8. Be2
Nf6 9. d5 Be7 10. O-O O-O 11. f3 exf3 12. Bxf3 c5 13. a3 Nbd7 14. Nc4 Nb6 15.
Nxb6 axb6 16. Re1 Qf7 17. Bg5 h6 18. Bh4 Bf5 19. Qd2 Ne4 20. Rxe4 Bxe4 21. Bxe7
Qxe7 22. Bxe4 Rae8 23. Bf3 Qh4 24. Ne4 Rxe4 25. Bxe4 Qxe4 26. Re1 Qc4 27. b3
Qa6 28. Qe3 b5 29. h3 Rf6 30. Qe8+ Kh7 31. Re6 Qxa3 32. Rxf6 Qa1+ 33. Rf1 1-0

[Event "SC Heideck-Hilpoltstein 1-SG SC Mühldorf"]
[Site "?"]
[Date "2013.01.27"]
[Round "1.5"]
[White "Pröschel, Gerhard"]
[Black "Ruderer, Thomas"]
[Result "0-1"]
[WhiteElo "1861"]
[BlackElo "1749"]
[PlyCount "78"]
[EventDate "2013.??.??"]
[WhiteTeam "SG SC Mühldorf/SK Schwabach 1"]
[BlackTeam "SC Heideck-Hilpoltstein 1"]

1. d4 e6 2. e4 d5 3. Nc3 Nf6 4. Bg5 Be7 5. e5 Nfd7 6. Be3 c5 7. dxc5 Bxc5 8.
Bxc5 Nxc5 9. Qg4 O-O 10. O-O-O f5 11. Qf4 Nc6 12. Bd3 a6 13. Nf3 Ne4 14. Ne1
Nxc3 15. bxc3 Qc7 16. Nf3 b5 17. Kd2 Bd7 18. Rb1 Rac8 19. Rb3 Rfd8 20. Re1 Na5
21. Ra3 Nc4+ 22. Bxc4 b4 23. cxb4 dxc4 24. Nd4 c3+ 25. Kc1 Qb6 26. Nb3 Bc6 27.
Nc5 Bb5 28. Rxc3 a5 29. a3 axb4 30. axb4 Qa7 31. Kb2 Ra8 32. Rb3 Qa2+ 33. Kc3
Ba4 34. Reb1 Bxb3 35. Rxb3 Qa1+ 36. Kc4 Qd1 37. Qe3 Qxc2+ 38. Rc3 Qa2+ 39. Rb3
Rac8 0-1

[Event "SC Heideck-Hilpoltstein 1-SG SC Mühldorf"]
[Site "?"]
[Date "2013.01.27"]
[Round "1.6"]
[White "Korth, Manfred"]
[Black "Leis, Stefan"]
[Result "0-1"]
[WhiteElo "1826"]
[BlackElo "1849"]
[PlyCount "86"]
[EventDate "2013.??.??"]
[WhiteTeam "SC Heideck-Hilpoltstein 1"]
[BlackTeam "SG SC Mühldorf/SK Schwabach 1"]

1. Nf3 g6 2. g3 Bg7 3. Bg2 d6 4. d3 Nf6 5. e4 c5 6. Nbd2 Nc6 7. c3 O-O 8. O-O
Nd7 9. Qc2 Rb8 10. a4 a6 11. Nc4 b5 12. axb5 axb5 13. Ne3 Nb6 14. b3 b4 15. Bb2
bxc3 16. Bc1 Nb4 17. Qe2 Be6 18. Nc4 Qd7 19. Ng5 Bxc4 20. bxc4 Ra8 21. Be3 Ra4
22. f4 h6 23. Rxa4 Qxa4 24. Nf3 Qc2 25. Qxc2 Nxc2 26. Bc1 Ra8 27. h4 Nb4 28. e5
Ra2 29. exd6 exd6 30. Be3 Nc2 31. Bc1 Nd4 32. Be3 Na4 33. g4 Nb2 34. h5 Ne2+
35. Kh2 Nxd3 36. hxg6 fxg6 37. Nh4 Nexf4 38. Kg3 Nxg2 39. Nxg2 c2 40. Kf3 Bb2
41. Ne1 c1=Q 42. Bxc1 Nxc1 43. Rf2 Be5 0-1

[Event "SC Heideck-Hilpoltstein 1-SG SC Mühldorf"]
[Site "?"]
[Date "2013.01.27"]
[Round "1.7"]
[White "Hetzner, Helmut"]
[Black "Stritzelberger, Martin"]
[Result "1-0"]
[WhiteElo "1802"]
[BlackElo "1642"]
[PlyCount "30"]
[EventDate "2013.??.??"]
[WhiteTeam "SG SC Mühldorf/SK Schwabach 1"]
[BlackTeam "SC Heideck-Hilpoltstein 1"]

1. e4 c5 2. Nf3 d6 3. d4 cxd4 4. Nxd4 Nf6 5. Nc3 a6 6. Be2 e6 7. Be3 Nbd7 8.
O-O Be7 9. a4 O-O 10. f4 Nc5 11. Bf3 Qa5 12. Qd2 Bd7 13. e5 dxe5 14. fxe5 Nd5
15. Nxd5 Qd8 1-0

[Event "SC Heideck-Hilpoltstein 1-SG SC Mühldorf"]
[Site "?"]
[Date "2013.01.27"]
[Round "1.8"]
[White "Ruderer, Maximilian"]
[Black "Reuschl, Stefan"]
[Result "1-0"]
[WhiteElo "1683"]
[BlackElo "1752"]
[PlyCount "81"]
[EventDate "2013.??.??"]
[WhiteTeam "SC Heideck-Hilpoltstein 1"]
[BlackTeam "SG SC Mühldorf/SK Schwabach 1"]

1. e4 c5 2. Nf3 Nc6 3. Bb5 Nd4 4. Nxd4 cxd4 5. O-O a6 6. Ba4 b5 7. Bb3 Bb7 8.
d3 e6 9. Nd2 Ne7 10. a4 b4 11. f4 f5 12. Nc4 Qc7 13. exf5 Nxf5 14. Ne5 g6 15.
Qg4 Bg7 16. Re1 Bxe5 17. Rxe5 O-O-O 18. Bd2 h5 19. Qe2 h4 20. Bxb4 Bc6 21. Ba5
Qb7 22. Bxd8 Kxd8 23. Rf1 h3 24. Rf2 hxg2 25. Qg4 Nh4 26. Qg5+ Kc8 27. Rc5 Qb4
28. Qe5 Rh5 29. Rxc6+ dxc6 30. Qxe6+ Kb7 31. Qd7+ Kb6 32. Qd8+ Kb7 33. Re2 Rh7
34. Re8 Nf3+ 35. Kxg2 Qd2+ 36. Kg3 Qxh2+ 37. Kxf3 Rh3+ 38. Ke4 Qg2+ 39. Kxd4
Qf2+ 40. Kc3 Qc5+ 41. Bc4 1-0

[Event "SG Büchenbach/Roth e.V. 2-SC Uttenreuth "]
[Site "?"]
[Date "2013.01.27"]
[Round "1.1"]
[White "Spiegelhauer, Tilmann"]
[Black "Roß, Thomas"]
[Result "0-1"]
[WhiteElo "1847"]
[BlackElo "1989"]
[PlyCount "58"]
[EventDate "2013.??.??"]
[WhiteTeam "SC Uttenreuth e.V. 1"]
[BlackTeam "SG Büchenbach/Roth e.V. 2"]

1. d4 d6 2. Nf3 Nf6 3. c4 Nbd7 4. Nc3 e5 5. e4 c6 6. Bd3 Be7 7. O-O O-O 8. b3
a6 9. Bb2 Re8 10. Re1 b5 11. d5 cxd5 12. exd5 b4 13. Ne4 Nxe4 14. Bxe4 Nc5 15.
Nxe5 dxe5 16. d6 Nxe4 17. dxe7 Qxd1 18. Raxd1 Nc3 19. Rd8 Bb7 20. Rd7 Rab8 21.
Rxe5 f6 22. Re3 Kf7 23. a3 a5 24. f3 Bc8 25. Rd8 Rxe7 26. Kf2 Rxe3 27. Kxe3 Ke7
28. Rd4 Rb6 29. Kd2 Nb1+ 0-1

[Event "SG Büchenbach/Roth e.V. 2-SC Uttenreuth "]
[Site "?"]
[Date "2013.01.27"]
[Round "1.2"]
[White "Ludwig, Michael"]
[Black "Miederer, Karl"]
[Result "0-1"]
[WhiteElo "1860"]
[BlackElo "1837"]
[PlyCount "78"]
[EventDate "2013.??.??"]
[WhiteTeam "SG Büchenbach/Roth e.V. 2"]
[BlackTeam "SC Uttenreuth e.V. 1"]

1. e4 c5 2. d4 cxd4 3. c3 dxc3 4. Nxc3 Nc6 5. Nf3 g6 6. Bc4 e6 7. O-O a6 8. Qe2
Bg7 9. e5 Nge7 10. Bf4 Nf5 11. Rfd1 O-O 12. a4 Nh4 13. Rd3 Nxf3+ 14. gxf3 Qh4
15. Qe3 g5 16. Bxg5 Qxc4 17. b3 Qb4 18. Bf6 Bxf6 19. exf6 Qh4 20. Ne4 d5 21.
Ng5 h6 22. Kh1 hxg5 23. Rg1 Kh7 24. Rxg5 Rg8 25. f4 Rxg5 26. fxg5 Qe4+ 27.
Qxe4+ dxe4 28. Re3 Kg6 29. h4 Nd4 30. Rxe4 Nf3 31. Kg2 Nxh4+ 32. Rxh4 Kxg5 33.
Rh8 b5 34. Kg3 Bb7 35. Rh4 Kxf6 36. axb5 axb5 37. Rh5 Bd5 38. Rh6+ Ke5 39. f4+
Ke4 0-1

[Event "SG Büchenbach/Roth e.V. 2-SC Uttenreuth "]
[Site "?"]
[Date "2013.01.27"]
[Round "1.3"]
[White "Traut, Gerhard"]
[Black "Muskat, Gunter"]
[Result "1-0"]
[WhiteElo "1786"]
[BlackElo "1876"]
[PlyCount "71"]
[EventDate "2013.??.??"]
[WhiteTeam "SC Uttenreuth e.V. 1"]
[BlackTeam "SG Büchenbach/Roth e.V. 2"]

1. e4 c5 2. Nf3 e6 3. d4 cxd4 4. Nxd4 a6 5. Be3 Qc7 6. c4 Nf6 7. f3 Bb4+ 8. Nd2
O-O 9. Be2 d5 10. cxd5 exd5 11. Rc1 Qe5 12. O-O dxe4 13. f4 Qe7 14. Qb3 Rd8 15.
Rfd1 Ng4 16. Rxc8 Rxc8 17. Bxg4 Rd8 18. Nf5 Qf8 19. a3 Bxd2 20. Rxd2 Nd7 21.
Rxd7 Rxd7 22. Nh6+ gxh6 23. Bxd7 Qd8 24. Bf5 Qe7 25. Qb6 Rd8 26. Qxh6 f6 27.
Qh5 Rd3 28. Qe2 b5 29. Kf2 b4 30. Qc2 bxa3 31. Qc4+ Kg7 32. bxa3 Rxa3 33. Bxe4
Rxe3 34. Kxe3 f5 35. Qd4+ Kf7 36. Qd5+ 1-0

[Event "SG Büchenbach/Roth e.V. 2-SC Uttenreuth "]
[Site "?"]
[Date "2013.01.27"]
[Round "1.4"]
[White "Classen, Andrej"]
[Black "Rink, Florian"]
[Result "1/2-1/2"]
[WhiteElo "1841"]
[BlackElo "1821"]
[PlyCount "128"]
[EventDate "2013.??.??"]
[WhiteTeam "SG Büchenbach/Roth e.V. 2"]
[BlackTeam "SC Uttenreuth e.V. 1"]

1. e4 Nf6 2. Nc3 d5 3. exd5 Nxd5 4. Bc4 Nb6 5. Bb3 Bf5 6. Nge2 e6 7. O-O c5 8.
d3 Be7 9. Ng3 Bg6 10. Be3 O-O 11. f4 Nc6 12. f5 exf5 13. Nxf5 Bxf5 14. Rxf5 Nd4
15. Bxd4 Qxd4+ 16. Kh1 c4 17. dxc4 Qxd1+ 18. Rxd1 Rac8 19. Nd5 Bc5 20. Rdf1 g6
21. R5f4 f5 22. h4 Kg7 23. a3 Bd6 24. Nxb6 axb6 25. Rd4 Be5 26. Rd7+ Rf7 27.
Rxf7+ Kxf7 28. c3 Rd8 29. Rf2 Bg3 30. Re2 Re8 31. c5+ Kf8 32. Rxe8+ Kxe8 33.
cxb6 Bf2 34. h5 Kd7 35. hxg6 hxg6 36. Bd5 Kc8 37. Bf7 Bxb6 38. Bxg6 f4 39. Be4
Be3 40. b3 Bc1 41. a4 Bd2 42. c4 b6 43. Kg1 Kc7 44. Kf2 Kd6 45. Ke2 Bb4 46. Kf3
Ke5 47. Bb7 Ba5 48. Bd5 Bb4 49. Ke2 Kd4 50. Kf3 Ke5 51. Kg4 Be7 52. Kh5 Kd4 53.
Kg4 Ke5 54. Kh5 Kd4 55. Kg6 Kc3 56. Kf5 Bc5 57. Kxf4 Kxb3 58. Bc6 Kxc4 59. g4
Bd4 60. Kf5 Kc5 61. Bb5 Kd6 62. Kg6 Ke7 63. g5 Kf8 64. Kh7 Bg7 1/2-1/2

[Event "SG Büchenbach/Roth e.V. 2-SC Uttenreuth "]
[Site "?"]
[Date "2013.01.27"]
[Round "1.5"]
[White "Beck, Gerhard"]
[Black "Schönberger, Andreas"]
[Result "0-1"]
[WhiteElo "1739"]
[BlackElo "1815"]
[PlyCount "94"]
[EventDate "2013.??.??"]
[WhiteTeam "SC Uttenreuth e.V. 1"]
[BlackTeam "SG Büchenbach/Roth e.V. 2"]

1. d4 Nf6 2. c4 g6 3. Nf3 Bg7 4. Nc3 d6 5. g3 O-O 6. Bg2 c6 7. O-O Be6 8. b3 d5
9. c5 Bf5 10. Nh4 Qd7 11. Nxf5 Qxf5 12. f3 e5 13. e4 Qe6 14. exd5 Nxd5 15. Ne2
Qe7 16. f4 exd4 17. Bxd5 cxd5 18. Qd3 Qxc5 19. Bb2 Nc6 20. Rac1 Qb6 21. a3 Rfe8
22. Rf3 Rxe2 23. Qxe2 d3+ 24. Qf2 Bxb2 25. Qxb6 axb6 26. Rd1 Bxa3 27. Rfxd3
Bc5+ 28. Kg2 d4 29. g4 Nb4 30. Rf3 Ra2+ 31. Kh3 Rb2 32. f5 Bd6 33. g5 Rxh2+ 34.
Kg4 Nc6 35. Rff1 Rg2+ 36. Kh4 Rh2+ 37. Kg4 Ne5+ 38. Kf4 Rh4+ 39. Kg3 Re4 40.
Ra1 gxf5 41. Rxf5 Re3+ 42. Kh4 Ng6+ 43. Kg4 Rg3+ 44. Kh5 d3 45. Raf1 d2 46. Rd5
Nf4+ 47. Rxf4 Bxf4 0-1

[Event "SG Büchenbach/Roth e.V. 2-SC Uttenreuth "]
[Site "?"]
[Date "2013.01.27"]
[Round "1.6"]
[White "Roß, Sandra"]
[Black "Meyer, Jürgen"]
[Result "1/2-1/2"]
[WhiteElo "1709"]
[BlackElo "1710"]
[PlyCount "87"]
[EventDate "2013.??.??"]
[WhiteTeam "SG Büchenbach/Roth e.V. 2"]
[BlackTeam "SC Uttenreuth e.V. 1"]

1. e4 c5 2. Nc3 Nc6 3. f4 d6 4. Nf3 g6 5. Bb5 Bd7 6. d3 Bg7 7. O-O Nf6 8. Bxc6
Bxc6 9. Qe1 O-O 10. f5 b5 11. Qh4 b4 12. Ne2 e6 13. fxe6 fxe6 14. Bg5 Qd7 15.
Nd2 Ne8 16. Rxf8+ Bxf8 17. Rf1 Qg7 18. c3 bxc3 19. bxc3 h6 20. Be3 g5 21. Qg4
Nc7 22. Rb1 Be7 23. Nc4 Rf8 24. h4 gxh4 25. Qxg7+ Kxg7 26. Bf4 Rd8 27. Kh2 Kg6
28. Ng1 Nb5 29. Rb3 e5 30. Be3 Bg5 31. Nf3 Kh5 32. Bxg5 hxg5 33. Na5 Bd7 34. a4
Nc7 35. Rb7 Ne8 36. Rxa7 Bxa4 37. Nb7 Rd7 38. Rxa4 Rxb7 39. Ra8 Nf6 40. Rd8 Rb6
41. Rh8+ Kg6 42. Rd8 Ng4+ 43. Kh3 Nf6 44. Kh2 1/2-1/2

[Event "SG Büchenbach/Roth e.V. 2-SC Uttenreuth "]
[Site "?"]
[Date "2013.01.27"]
[Round "1.7"]
[White "Otto, Moritz"]
[Black "Kittsteiner, Peter"]
[Result "0-1"]
[WhiteElo "1730"]
[BlackElo "1832"]
[PlyCount "74"]
[EventDate "2013.??.??"]
[WhiteTeam "SC Uttenreuth e.V. 1"]
[BlackTeam "SG Büchenbach/Roth e.V. 2"]

1. d4 d5 2. e3 Nf6 3. Bd3 e6 4. Nd2 Nbd7 5. f4 c5 6. c3 Bd6 7. Ngf3 O-O 8. Ne5
cxd4 9. exd4 b6 10. O-O Bb7 11. Qe2 Rc8 12. Rf3 h6 13. Rh3 Re8 14. g4 Ne4 15.
Nxe4 dxe4 16. Bxe4 Bxe4 17. Qxe4 f6 18. Nxd7 Qxd7 19. Qg6 Qf7 20. Qxf7+ Kxf7
21. g5 hxg5 22. fxg5 e5 23. gxf6 gxf6 24. Rh7+ Ke6 25. Be3 Rg8+ 26. Kh1 e4 27.
Rf1 Rg6 28. Rg1 Rcg8 29. Rxg6 Rxg6 30. Rxa7 f5 31. Rh7 f4 32. Bd2 e3 33. Be1
Kf5 34. Rh3 Ke4 35. Rh8 f3 36. Re8+ Kd3 37. h4 f2 0-1

[Event "SG Büchenbach/Roth e.V. 2-SC Uttenreuth "]
[Site "?"]
[Date "2013.01.27"]
[Round "1.8"]
[White "Müller, Maximilian"]
[Black "Sirvent, Ricardo"]
[Result "1/2-1/2"]
[WhiteElo "1797"]
[BlackElo "1523"]
[PlyCount "55"]
[EventDate "2013.??.??"]
[WhiteTeam "SG Büchenbach/Roth e.V. 2"]
[BlackTeam "SC Uttenreuth e.V. 1"]

1. e4 c5 2. Nf3 Nc6 3. Nc3 e6 4. d4 cxd4 5. Nxd4 a6 6. a3 Qc7 7. Be3 Nf6 8. Be2
Be7 9. O-O O-O 10. f4 d6 11. Bf3 Nxd4 12. Bxd4 e5 13. Be3 b5 14. Qe1 Bb7 15.
Qg3 Qc4 16. fxe5 dxe5 17. Qxe5 Rfe8 18. Qd4 Qc7 19. e5 Bxf3 20. Rxf3 Nd7 21.
Rxf7 Kxf7 22. Qd5+ Kg6 23. Rf1 Nf6 24. exf6 Bxf6 25. Qf5+ Kf7 26. Qd5+ Kg6 27.
Qf5+ Kf7 28. Qd5+ 1/2-1/2

[Event "SK Neumarkt e.V. 1-SG Siemens Erlangen e"]
[Site "?"]
[Date "2013.01.27"]
[Round "1.1"]
[White "Wohlfahrt, Frank"]
[Black "Mösl, Sebastian"]
[Result "1-0"]
[WhiteElo "1976"]
[BlackElo "1819"]
[PlyCount "81"]
[EventDate "2013.??.??"]
[WhiteTeam "SG Siemens Erlangen e.V. 1"]
[BlackTeam "SK Neumarkt e.V. 1"]

1. d4 Nf6 2. c4 g6 3. Nf3 Bg7 4. g3 d6 5. Bg2 c6 6. Nc3 a6 7. a4 O-O 8. O-O Qc7
9. e4 Bg4 10. h3 Bxf3 11. Qxf3 Nbd7 12. Be3 Rab8 13. a5 b6 14. axb6 Rxb6 15.
Rfb1 Rfb8 16. Qe2 Qb7 17. e5 Ne8 18. Na4 Rb3 19. f4 Nc7 20. Bf2 Nb6 21. Nxb6
Qxb6 22. c5 dxc5 23. dxc5 Qb7 24. Ra2 Bf8 25. Rd1 Ne6 26. Qxa6 Rxb2 27. Qxb7
R2xb7 28. Kh2 Rc8 29. Rdd2 Rb5 30. Rdc2 Nd8 31. Ra6 e6 32. Bf3 Be7 33. Kg2 Kf8
34. Rca2 Bxc5 35. Be2 Bxf2 36. Bxb5 cxb5 37. Kxf2 Rb8 38. Ra8 Rxa8 39. Rxa8 Ke7
40. Ra7+ Ke8 41. Rc7 1-0

[Event "SK Neumarkt e.V. 1-SG Siemens Erlangen e"]
[Site "?"]
[Date "2013.01.27"]
[Round "1.2"]
[White "Simon, Martin"]
[Black "Fett, Helmut"]
[Result "1/2-1/2"]
[WhiteElo "1897"]
[BlackElo "1769"]
[PlyCount "94"]
[EventDate "2013.??.??"]
[WhiteTeam "SK Neumarkt e.V. 1"]
[BlackTeam "SG Siemens Erlangen e.V. 1"]

1. Nf3 d6 2. d4 Nf6 3. c4 g6 4. Nc3 Bg7 5. e4 c6 6. Bd3 O-O 7. h3 Nbd7 8. O-O
e5 9. dxe5 Nxe5 10. Nxe5 dxe5 11. Bg5 Qc7 12. Qf3 Ne8 13. Rfd1 f5 14. c5 Be6
15. exf5 gxf5 16. Qg3 e4 17. Qe3 Qf7 18. Be2 Nc7 19. Rd2 Nd5 20. Nxd5 cxd5 21.
Qf4 Rac8 22. Rc1 d4 23. Qh4 Qd7 24. Bh5 Bf7 25. Be7 Rfe8 26. Bxf7+ Kxf7 27. Bd6
Qe6 28. b4 e3 29. Qh5+ Kg8 30. Re2 Qg6 31. Qxg6 hxg6 32. fxe3 d3 33. Rd2 Rxe3
34. b5 Bd4 35. Kf1 Rce8 36. Rcd1 b6 37. cxb6 Bxb6 38. Rxd3 Re2 39. R3d2 R2e4
40. a3 Rc8 41. Re2 Rec4 42. Rde1 Rc2 43. g3 Rxe2 44. Rxe2 Rc1+ 45. Kg2 Rg1+ 46.
Kh2 Rb1 47. Bb4 Kf7 1/2-1/2

[Event "SK Neumarkt e.V. 1-SG Siemens Erlangen e"]
[Site "?"]
[Date "2013.01.27"]
[Round "1.3"]
[White "Müller, Stefan"]
[Black "Seitner, Ralf"]
[Result "0-1"]
[WhiteElo "1909"]
[BlackElo "1877"]
[PlyCount "68"]
[EventDate "2013.??.??"]
[WhiteTeam "SG Siemens Erlangen e.V. 1"]
[BlackTeam "SK Neumarkt e.V. 1"]

1. e4 c6 2. d4 d5 3. exd5 cxd5 4. Bd3 Nc6 5. c3 Nf6 6. Bg5 Bg4 7. Qc2 Rc8 8. h3
Bh5 9. Qa4 Qa5 10. Qxa5 Nxa5 11. Bb5+ Nc6 12. Nd2 a6 13. Bxc6+ Rxc6 14. f4 e6
15. Ngf3 Bxf3 16. Nxf3 Ne4 17. O-O Bd6 18. Ne1 h6 19. Bh4 g5 20. fxg5 hxg5 21.
Bf2 g4 22. h4 g3 23. Be3 Rxh4 24. Nf3 Rh5 25. Nd2 f5 26. Nxe4 dxe4 27. Rad1 Rc7
28. Rfe1 Rch7 29. Kf1 Rh1+ 30. Bg1 R7h2 31. b4 f4 32. Rxe4 f3 33. Rxe6+ Kd7 34.
Rf6 Rxg2 0-1

[Event "SK Neumarkt e.V. 1-SG Siemens Erlangen e"]
[Site "?"]
[Date "2013.01.27"]
[Round "1.4"]
[White "Weber, Winfried"]
[Black "Pölsterl, Hans"]
[Result "1/2-1/2"]
[WhiteElo "1916"]
[BlackElo "1871"]
[PlyCount "74"]
[EventDate "2013.??.??"]
[WhiteTeam "SK Neumarkt e.V. 1"]
[BlackTeam "SG Siemens Erlangen e.V. 1"]

1. e4 c6 2. d4 d5 3. e5 Bf5 4. g4 Be4 5. f3 Bg6 6. h4 h5 7. e6 Qd6 8. exf7+
Bxf7 9. Be3 hxg4 10. fxg4 Nf6 11. Nc3 Qg3+ 12. Bf2 Qxg4 13. Be2 Qf4 14. Nh3 Qd6
15. Qd3 Ne4 16. Nxe4 dxe4 17. Qc3 e3 18. Qxe3 Bd5 19. Rg1 Qb4+ 20. Qc3 Qxc3+
21. bxc3 Nd7 22. Ng5 Nf6 23. c4 Bg8 24. Kd2 O-O-O 25. Kc3 e6 26. Bf1 Nh7 27.
Bh3 Nxg5 28. Rxg5 Be7 29. Rxg7 Bxh4 30. Bxh4 Rxh4 31. Bg4 Kb8 32. Rb1 b6 33. a4
Rh7 34. Rxh7 Bxh7 35. Bxe6 Rf8 36. Bg4 Rf2 37. Rb2 Kc7 1/2-1/2

[Event "SK Neumarkt e.V. 1-SG Siemens Erlangen e"]
[Site "?"]
[Date "2013.01.27"]
[Round "1.5"]
[White "Kirsch, Heinrich"]
[Black "Kipferl, Wolfgang"]
[Result "1-0"]
[WhiteElo "1795"]
[BlackElo "1825"]
[PlyCount "107"]
[EventDate "2013.??.??"]
[WhiteTeam "SG Siemens Erlangen e.V. 1"]
[BlackTeam "SK Neumarkt e.V. 1"]

1. d4 d6 2. Nf3 g6 3. Bf4 Bg7 4. c3 Nf6 5. h3 Nbd7 6. Nbd2 O-O 7. e3 c6 8. Bd3
Nd5 9. Bg3 e5 10. O-O Qe7 11. Qb3 N5b6 12. a4 Rb8 13. a5 Nd5 14. Bc4 Nc7 15.
Qa3 Re8 16. Be2 d5 17. Qb3 f6 18. c4 dxc4 19. Bxc4+ Kh8 20. Rfd1 Nf8 21. dxe5
fxe5 22. Ne4 Be6 23. Nd6 Bxc4 24. Qxc4 Qe6 25. Nf7+ Kg8 26. N7xe5 Rbd8 27.
Qxe6+ Ncxe6 28. Nc4 Nc5 29. Rab1 Nb3 30. Nd6 Re7 31. Bh4 Red7 32. Bxd8 Rxd8 33.
Nxb7 Rb8 34. a6 Ne6 35. Rd3 Nec5 36. Rd8+ Rxd8 37. Nxd8 Nxa6 38. Nxc6 Nac5 39.
Nxa7 Nd3 40. Nb5 Nxb2 41. Nbd4 Nxd4 42. Nxd4 Nc4 43. Ne6 Bf6 44. Rb4 Ne5 45.
Rb7 h6 46. Nf4 Kf8 47. Nd5 Bg7 48. f4 Nc4 49. Kf2 Nd6 50. Ra7 Ne4+ 51. Kf3 Nd2+
52. Ke2 Nb3 53. Ne7 g5 54. Nf5 1-0

[Event "SK Neumarkt e.V. 1-SG Siemens Erlangen e"]
[Site "?"]
[Date "2013.01.27"]
[Round "1.6"]
[White "Brunner, Wolfgang"]
[Black "Balhar, Rudolf"]
[Result "1/2-1/2"]
[WhiteElo "1862"]
[BlackElo "1834"]
[PlyCount "95"]
[EventDate "2013.??.??"]
[WhiteTeam "SK Neumarkt e.V. 1"]
[BlackTeam "SG Siemens Erlangen e.V. 1"]

1. d4 Nf6 2. c4 e6 3. Nc3 Bb4 4. Qc2 c5 5. e3 b6 6. Bd3 Bb7 7. Nge2 O-O 8. O-O
h6 9. Nb5 cxd4 10. a3 Be7 11. Nbxd4 Nc6 12. Nf3 d5 13. Rd1 Qc8 14. cxd5 Nxd5
15. e4 Nf6 16. b4 Ng4 17. Bb2 Bf6 18. Rac1 Qb8 19. Bxf6 Nxf6 20. Qb2 Ng4 21. h3
Nge5 22. Nxe5 Nxe5 23. Bb1 b5 24. Rc5 Nc4 25. Qb3 a6 26. a4 Nd6 27. Ng3 bxa4
28. Qxa4 Nb5 29. Qa5 Rc8 30. Rdc1 Rd8 31. Qa2 Qf4 32. Ne2 Qd2 33. Qxd2 Rxd2 34.
Nc3 Nxc3 35. R5xc3 Rad8 36. e5 g6 37. Rc7 Rd1+ 38. Kh2 Rxc1 39. Rxc1 Rd4 40. f3
Rxb4 41. Bd3 Rd4 42. Rc3 a5 43. Ra3 Bc6 44. Kg3 Kf8 45. Kf2 a4 46. Ke3 Rb4 47.
Bc2 Bb5 48. Rc3 1/2-1/2

[Event "SK Neumarkt e.V. 1-SG Siemens Erlangen e"]
[Site "?"]
[Date "2013.01.27"]
[Round "1.7"]
[White "Szabo, Sandor"]
[Black "Niebler, Andreas"]
[Result "1-0"]
[WhiteElo "1913"]
[BlackElo "1784"]
[PlyCount "55"]
[EventDate "2013.??.??"]
[WhiteTeam "SG Siemens Erlangen e.V. 1"]
[BlackTeam "SK Neumarkt e.V. 1"]

1. e4 g6 2. d4 d6 3. Nc3 Bg7 4. f4 Nf6 5. Nf3 O-O 6. Bd3 c5 7. dxc5 dxc5 8. Qe2
Nc6 9. e5 Ne8 10. Be3 Qa5 11. Be4 Be6 12. Qf2 f6 13. Qg3 fxe5 14. fxe5 Rxf3 15.
Qxf3 Nxe5 16. Qg3 Nd6 17. O-O Qb4 18. Bd5 Bxd5 19. Nxd5 Qe4 20. Nxe7+ Kh8 21.
Bxc5 Ndf7 22. c3 b6 23. Bd4 Qb7 24. Rxf7 Nxf7 25. Qh4 g5 26. Bxg7+ Kxg7 27.
Qd4+ Kf8 28. Nf5 1-0

[Event "SK Neumarkt e.V. 1-SG Siemens Erlangen e"]
[Site "?"]
[Date "2013.01.27"]
[Round "1.8"]
[White "Zidar, Zlatko"]
[Black "Neuländtner, Josef"]
[Result "0-1"]
[WhiteElo "1669"]
[BlackElo "1662"]
[PlyCount "110"]
[EventDate "2013.??.??"]
[WhiteTeam "SK Neumarkt e.V. 1"]
[BlackTeam "SG Siemens Erlangen e.V. 1"]

1. d4 e6 2. c4 d5 3. Nf3 Nf6 4. Nc3 Nbd7 5. c5 c6 6. e3 Qc7 7. b4 e5 8. dxe5
Nxe5 9. Be2 Bf5 10. Qd4 Nxf3+ 11. Bxf3 Rd8 12. Bb2 Ne4 13. Be2 Qe7 14. O-O h5
15. f3 Ng5 16. Qf4 Bg6 17. Nd1 Ne6 18. Qg3 h4 19. Qf2 f6 20. Re1 Kf7 21. f4 Be4
22. Nc3 Bf5 23. Bf3 Qc7 24. Ne2 b6 25. Nd4 Be4 26. f5 Ng5 27. cxb6 Qxb6 28.
Rec1 c5 29. bxc5 Bxc5 30. Bxe4 Nxe4 31. Qe2 Rb8 32. Rc2 Qd6 33. Rac1 Rb7 34.
Qg4 Rh6 35. Qe2 Bxd4 36. Bxd4 Qd7 37. Qf3 Qd6 38. Qf1 Rh8 39. Rc6 Qd7 40. Qa6
Rhb8 41. Qf1 Nd2 42. Qe2 Nc4 43. Qh5+ Kg8 44. Re6 Qf7 45. Qxh4 Rb1 46. Rxb1
Rxb1+ 47. Kf2 Nd2 48. Ke2 Ne4 49. Qf4 Ng5 50. Rc6 Qd7 51. Qd6 Qxf5 52. Qf4 Qd7
53. Qd6 Qg4+ 54. Kd3 Qd1+ 55. Kc3 Ne4# 0-1